Southville International School and Colleges
Your cart is empty.
  • Cart
  • Lists
    Public lists Eva Luna New books Lux_list list_1
    Your lists Log in to create your own lists
  • Log in to your account
  • Your cookies
  • Search history
Southville International School and Colleges
  • Advanced search
  • Recent comments
  • Most popular
  • Libraries

Log in to your account

Log in with GOOGLE


If you do not have an external account, but do have a local account, you can still log in:

  1. Home
  2. MARC view: Gulliver's Stories /
Normal view MARC view ISBD view

Gulliver's Stories / (Record no. 1360)

[ view plain ]
MARC details
000 -LEADER
fixed length control field 00497nam a22001937a 4500
003 - CONTROL NUMBER IDENTIFIER
control field OSt
005 - DATE AND TIME OF LATEST TRANSACTION
control field 20140310181706.0
008 - FIXED-LENGTH DATA ELEMENTS--GENERAL INFORMATION
fixed length control field 121122t xxu||||| |||| 00| 0 eng d
020 ## - INTERNATIONAL STANDARD BOOK NUMBER
International Standard Book Number 0590418424
050 ## - LIBRARY OF CONGRESS CALL NUMBER
Classification number PZ 7
Item number .Sw977 1960
082 ## - DEWEY DECIMAL CLASSIFICATION NUMBER
Classification number KF
Item number Sw5g 1960
100 ## - MAIN ENTRY--PERSONAL NAME
Personal name Swift, Jonathan
9 (RLIN) 3633
245 ## - TITLE STATEMENT
Title Gulliver's Stories /
Statement of responsibility, etc Jonathan Swift
260 ## - PUBLICATION, DISTRIBUTION, ETC. (IMPRINT)
Place of publication, distribution, etc New York
Name of publisher, distributor, etc Scholastic Inc.
Date of publication, distribution, etc c1960.
300 ## - PHYSICAL DESCRIPTION
Size of unit 19 cm.
Extent 166 p.
Other physical details ill. ;
541 ## - IMMEDIATE SOURCE OF ACQUISITION NOTE
-- 1
562 ## - COPY AND VERSION IDENTIFICATION NOTE
Number of copies 1
942 ## - ADDED ENTRY ELEMENTS (KOHA)
Source of classification or shelving scheme Library of Congress Classification
Koha item type
Call number prefix
Holdings
Withdrawn status Lost status Source of classification or shelving scheme Damaged status Home library Current library Shelving location Date acquired Total Checkouts Full call number Barcode Date last seen Copy number Price effective from Koha item type
    Library of Congress Classification   Luxembourg Library Luxembourg Library Kids Fiction Section 11/22/2012   PZ 7 .Sw977 1960 10243 08/13/2013 1 10/03/2013 Books

Gulliver's Stories /

APA

Swift J., . (1960). Gulliver's Stories. New York: Scholastic Inc.

Chicago

Swift Jonathan, . 1960. Gulliver's Stories. New York: Scholastic Inc.

Harvard

Swift J., . (1960). Gulliver's Stories. New York: Scholastic Inc.

MLA

Swift Jonathan, . Gulliver's Stories. New York: Scholastic Inc. 1960.

  • Place hold
  • Print
  • Cite
  • Add to your cart (remove)
  • Save record
    BIBTEX Dublin Core MARCXML MARC (non-Unicode/MARC-8) MARC (Unicode/UTF-8) MARC (Unicode/UTF-8, Standard) MODS (XML) RIS
  • More searches
    Search for this title in:
    Other Libraries (WorldCat) Other Databases (Google Scholar) Online Stores (Bookfinder.com) Open Library (openlibrary.org)

Exporting to Dublin Core...

SOUTHVILLE LIBRARY

Southville International School and Colleges Library

1281 Tropical Ave. Cor. Luxembourg St., BF Homes International, Las Pinas City

Tel. No. 8256374 / 252358 Loc. 117/146

Powered by Koha